00326pab a2200133 454500008004000000100002300040245004000063260000900103300001200112362001000124650001300134650002500147773002000172180718b2008 xxu||||| |||| 00| 0 eng d aShastree, Nalin K. aTime to get going for good research c2008 ap.7-13. a4 Feb aResearch aEducational research aUniversity News